LEADER 01052nam0-22003131i-450- 001 990000490790403321 005 20090212120747.0 035 $a000049079 035 $aFED01000049079 035 $a(Aleph)000049079FED01 035 $a000049079 100 $a20020821d1971----km-y0itay50------ba 101 0 $aeng 105 $aa-------101yy 200 1 $aConduction in low-mobility materials$eproceedings of the secon international conference held at Eilat, Israel 5-8 april 1971$fEdited by N. Klein, D. S. Tannhauser, M. Pollack 210 $aLondon$cTaylor & Francis$d1971 215 $a464 p.$cill.$d26 cm 610 0 $aConduttivitą elettrica$aCongressi 676 $a537.6'22 702 1$aKlein,$bN. 702 1$aTannhauser,$bDavid Stefan 702 1$aPollak,$bMichael 710 12$aInternational conference on Conduction in low-mobility materials$d<2. ;$f1971 ;$eEilat, Israel> 801 0$aIT$bUNINA$gRICA$2UNIMARC 901 $aBK 912 $a990000490790403321 952 $a10 PRO 67$b7991$fDINEL 959 $aDINEL 997 $aUNINA LEADER 04977nam 2200733 a 450 001 9910782774703321 005 20230721004247.0 010 $a1-282-19463-1 010 $a9786612194634 010 $a3-11-019892-4 024 7 $a10.1515/9783110198928 035 $a(CKB)1000000000691522 035 $a(EBL)364730 035 $a(OCoLC)437233381 035 $a(SSID)ssj0000243929 035 $a(PQKBManifestationID)11923122 035 $a(PQKBTitleCode)TC0000243929 035 $a(PQKBWorkID)10183546 035 $a(PQKB)11777894 035 $a(MiAaPQ)EBC364730 035 $a(DE-B1597)34639 035 $a(OCoLC)979599437 035 $a(DE-B1597)9783110198928 035 $a(Au-PeEL)EBL364730 035 $a(CaPaEBR)ebr10256542 035 $a(CaONFJC)MIL219463 035 $a(EXLCZ)991000000000691522 100 $a20070822d2007 uy 0 101 0 $aeng 135 $aur||||||||||| 181 $ctxt 182 $cc 183 $acr 200 14$aThe semantic field of modal certainty$b[electronic resource] $ea corpus-based study of English adverbs /$fby Anne-Marie Simon-Vandenbergen, Karin Aijmer 210 $aBerlin ;$aNew York $cMouton de Gruyter$dc2007 215 $a1 online resource (408 p.) 225 1 $aTopics in English linguistics ;$v56 300 $aDescription based upon print version of record. 311 $a3-11-019617-4 320 $aIncludes bibliographical references (p. [371]-386) and indexes. 327 $t Frontmatter -- $tTable of contents -- $tChapter 1. Aims, methodology and data -- $tChapter 2. Establishing meaning relations: Problems and solutions -- $tChapter 3. The linguistic categories of modality and evidentiality -- $tChapter 4. An integrated model for describing adverbs of certainty -- $tChapter 5. Classification of adverbs of certainty -- $tChapter 6. The epistemic certainty adverbs certainly, definitely, indeed: Syntagmatic and paradigmatic dimensions -- $tChapter 7. The epistemic certainty adverbs no doubt, surely: Syntagmatic and paradigmatic dimensions -- $tChapter 8. Evidential, expectation and speech act adverbs: Syntagmatic and paradigmatic dimensions -- $tChapter 9. Adverbs of certainty and the wider context: Text types and genres -- $tChapter 10. Semantic-pragmatic relations: Networks and maps -- $tChapter 11. Semantic-pragmatic relations: Parameters and features -- $tChapter 12. Conclusions -- $t Backmatter 330 $aIn spite of the vast literature on modality in English, very little research has been done on modal adverbs as a group. While there are studies of individual adverbs, the semantic and pragmatic relations between them have been left largely unexplored. This book takes a close look at the whole field of modal certainty as expressed by adverbs in English. On the basis of corpus data the most frequent adverbs of certainty, including certainly, indeed, and no doubt, are examined from the point of view of their syntactic, semantic and pragmatic characteristics. The corpus used is the International Corpus of English - Great Britain, supplemented by data from other present-day English corpora, and questionnaires testing native speakers' intuitions on fine-grained similarities and differences between closely related adverbs. The methodology also includes the study of cross-linguistic equivalents as indicators of semantic-pragmatic relations between adverbs. Translation corpora yield correspondences in Swedish, Dutch, French and German. A detailed study of those correspondences adds useful information for setting up a semantic-pragmatic profile of each adverb, showing where their meanings overlap and where the boundaries are. The concept of semantic maps is relied on for plotting these relations. The book not only provides a thorough empirical study of English adverbs expressing certainty, it also contributes to a better theoretical understanding of the complexity of modal certainty, how it is related to speakers' goals and to other semantic areas. It is the first in-depth study of this kind, combining rich information on English as well as opening up perspectives for further empirical and theoretical research into modality. 410 0$aTopics in English linguistics ;$v56. 606 $aEnglish language$xAdverb 606 $aEnglish language$xModality 606 $aEnglish language$xSemantics 606 $aField theory (Linguistics) 610 $aEnglish /language. 610 $amodality. 610 $arhetorics. 615 0$aEnglish language$xAdverb. 615 0$aEnglish language$xModality. 615 0$aEnglish language$xSemantics. 615 0$aField theory (Linguistics) 676 $a425 700 $aSimon-Vandenbergen$b A. M$01484452 701 $aAijmer$b Karin$0467035 801 0$bMiAaPQ 801 1$bMiAaPQ 801 2$bMiAaPQ 906 $aBOOK 912 $a9910782774703321 996 $aThe semantic field of modal certainty$93804044 997 $aUNINA LEADER 01666nam0 22003613i 450 001 UBO1790178 005 20251003044421.0 010 $a8845310329 100 $a20140930d2000 ||||0itac50 ba 101 | $aita 102 $ait 181 1$6z01$ai $bxxxe 182 1$6z01$an 200 1 $aMercati finanziari$escelta e gestione di operazioni speculative$ei metodi e i sistemi della moderna analisi tecnica a supporto delle decisioni operative$fAchille Fornasini 210 $aMilano$cEtas$d[2000] 215 $aVII, 480 p.$cill.$d24 cm. 225 | $aFinanza e analisi finanziaria 410 0$1001UBO1195506$12001 $aFinanza e analisi finanziaria 606 $aMercati finanziari$2FIR$3CFIC001170$9E 606 $aSpeculazione finanziaria$2FIR$3CFIC027462$9E 676 $a332.645$9SCAMBIO DI TITOLI E DI MERCI. SPECULAZIONE$v23 696 $aTrading$aSpeculazione 699 $aSpeculazione finanziaria$yTrading 699 $aSpeculazione finanziaria$ySpeculazione 700 1$aFornasini$b, Achille$3CFIV037585$4070$0115399 801 3$aIT$bIT-000000$c20140930 850 $aIT-BN0095 901 $bNAP 01$cPOZZO LIB.$nVi sono collocati fondi di economia, periodici di ingegneria e scienze, periodici di economia e statistica e altri fondi comprendenti documenti di economia pervenuti in dono. 912 $aUBO1790178 950 0$aBiblioteca Centralizzata di Ateneo$c1 v.$d 01POZZO LIB.ECON MON 8608$e 01AR 0700315595E VMA 1 v. (Precedente collocazione (AR) 31 EC 559)$fB $h20140930$i20140930 977 $a 01 996 $aMercati finanziari$9627018 997 $aUNISANNIO